شرح القانون المدني : (Record no. 1199)

MARC details
000 -LEADER
fixed length control field 00722nam a22002177a 4500
005 - DATE AND TIME OF LATEST TRANSACTION
control field 20251108164013.0
008 - FIXED-LENGTH DATA ELEMENTS--GENERAL INFORMATION
fixed length control field 250721s1999 xx 000 0 ara d
082 14 - DEWEY DECIMAL CLASSIFICATION NUMBER
Classification number 346.02/آد
100 1# - MAIN ENTRY--PERSONAL NAME
Personal name النداوي، آدم وهيب
245 10 - TITLE STATEMENT
Title شرح القانون المدني :
Remainder of title العقود المسماة في القانون المدني - البيع و الإيجار ... /
264 1# - PRODUCTION, PUBLICATION, DISTRIBUTION, MANUFACTURE, AND COPYRIGHT NOTICE
Place of production, publication, distribution, manufacture عمان :
Name of producer, publisher, distributor, manufacturer مكتبة دار الثقافة،
Date of production, publication, distribution, manufacture, or copyright notice 1999.
300 ## - PHYSICAL DESCRIPTION
Extent 319ص
490 0# - SERIES STATEMENT
Series statement المكتبه القانونية ؛ 246
650 17 - SUBJECT ADDED ENTRY--TOPICAL TERM
Topical term or geographic name as entry element العقود
650 17 - SUBJECT ADDED ENTRY--TOPICAL TERM
Topical term or geographic name as entry element القانون المدني
650 17 - SUBJECT ADDED ENTRY--TOPICAL TERM
Topical term or geographic name as entry element الإيجار
650 17 - SUBJECT ADDED ENTRY--TOPICAL TERM
Topical term or geographic name as entry element البيوع
650 17 - SUBJECT ADDED ENTRY--TOPICAL TERM
Topical term or geographic name as entry element الأردن
942 ## - ADDED ENTRY ELEMENTS (KOHA)
Source of classification or shelving scheme Dewey Decimal Classification
Koha item type Books
Holdings
حالة السحب حالة الفقدان مصدر التصنيف حالة التلف غير قابل للإعارة المكتبة الرئيسية المكتبة الحالية موقع الرف تاريخ التزويد الرقم المتسلسل Total Checkouts رقم الإستدعاء تاريخ آخر ظهور تاريخ الفاتورة نوع المادة (كوها) الباركود
    Dewey Decimal Classification Unchecked   مكتبة أبو علندا العامة مكتبة أبو علندا العامة الإعارة 06/07/2004 288525   346.02/آد 28/07/2025 06/07/2004 Books  
    Dewey Decimal Classification Unchecked   مكتبة أم قصير والمقابلين العامة مكتبة أم قصير والمقابلين العامة الإعارة 06/07/2004 288524   346.02/آد 28/07/2025 06/07/2004 Books  
    Dewey Decimal Classification Unchecked   مكتبة الاميرة بديعة مكتبة الاميرة بديعة الإعارة 06/07/2004 288519   346.02/آد 28/07/2025 06/07/2004 Books  
    Dewey Decimal Classification Unchecked   مكتبة حمزة العامة مكتبة حمزة العامة الإعارة 06/07/2004 288522   346.02/آد 28/07/2025 06/07/2004 Books  
    Dewey Decimal Classification     مكتبة صويلح العامة مكتبة صويلح العامة الإعارة 06/07/2004 288517   346.02/آد 28/07/2025 06/07/2004 Books 288517
Implemented & Customized by: BBB with SCIT (Smart Chains for Information Technology)

Powered by Koha